1076 1686 1352 1480 1485 1793 1786 1746 1849 1623 1800 1291 1536 1099 1476 1068 1479 1726 1443 1595 1979 1390 1393 1935 1957 1269 1896 1650 1146 1146 1953 1175 1970 1263 1107 1341 1245 1850 1868 1881 1341 1579 1709 1670 1979 1478 1030 1363 1554 1412 1484 1747 1485 1368 1382 1176 1398 1961 1985 1963 1446 1894 1093 1476 1882 1309 1642 1095 1654 1480 1712 1759 1411 1217 1350 1357 1620 1272 1507 1362 1637 1755 1729 1406 1313 1418 1541 1135 1898 1346 1532 1042 1955 1867 1062 1851 1901 1978 1455 BCNSPRNW ULIB Ver.6.0+V

เปลี่ยนเป็นภาษาไทย

Change to English
 แสดงรายละเอียดบรรณานุกรม
  กลับหน้าหลัก

Brief Record : Get Marc (ISO 2709) : E-mail record : QR code < ปิดหน้าต่าง
LEADER : 00000nam 2200000uu 4500
001    13399111458
003     ULIB
008    110120s2553||||th 000 0 tha d
020    9786165070089
060 04 WB39^bศ324ค 2553
100 0  ศักดิ์ชัย วงศกิตติรักษ์
245 00 คู่มือหมอใหม่ /^cบรรณาธิการ, ศักดิ์ชัย วงศกิตติรักษ์
250    พิมพ์ครั้งที่ 2
260    กรุงเทพฯ :^bหมอชาวบ้าน,^c2553
300    xvii, 318 หน้า :^bภาพประกอบ ;^c15 ซม.
650  7 แพทย์^vคู่มือ
650  7 การรักษาโรค^vคู่มือ
650  7 อายุรศาสตร์^vคู่มือ
945    ^p160^l0^i030190
945    ^p160^l0^i030189
945    ^p160^l0^i030188
945    ^p160^l0^i030186
945    ^p160^l0^i030185
945    ^p160^l0^i030184
945    ^p160^l0^i030187
995    ทศพร
999 ^a ใช้งานได้ทุกระบบ
รายการนี้ยังไม่มีแท็ก
คุณยังไม่ได้ล็อกอิน คุณสามารถมีกิจกรรมร่วมกับเว็บไซต์ได้ แต่ต้องล็อกอินก่อน ::
  ล็อกอิน

รายการสื่อสารสนเทศ

ลำดับที่ ประเภท เลขเรียก/บาร์โค้ด สถานที่ สถานะ
1. วิทยาศาสตร์การแพทย์ และสุขภาพ
วิทยาศาสตร์การแพทย์ และสุขภาพ
WB39 ศ324ค 2553 ฉ.1 
  Barcode: 030184
ห้องสมุดวิทยาเขตสวรรค์ประชารักษ์
►ส่วนจัดเก็บหนังสือเก่า สปร
บนชั้น
  ขอยืม
2. วิทยาศาสตร์การแพทย์ และสุขภาพ
วิทยาศาสตร์การแพทย์ และสุขภาพ
WB39 ศ324ค 2553 ฉ.2 
  Barcode: 030185
ห้องสมุดวิทยาเขตสวรรค์ประชารักษ์
►ส่วนจัดเก็บหนังสือเก่า สปร
บนชั้น
  ขอยืม
3. วิทยาศาสตร์การแพทย์ และสุขภาพ
วิทยาศาสตร์การแพทย์ และสุขภาพ
WB39 ศ324ค 2553 ฉ.3 
  Barcode: 030186
ห้องสมุดวิทยาเขตสวรรค์ประชารักษ์
►ส่วนจัดเก็บหนังสือเก่า สปร
บนชั้น
  ขอยืม
4. วิทยาศาสตร์การแพทย์ และสุขภาพ
วิทยาศาสตร์การแพทย์ และสุขภาพ
WB39 ศ324ค 2553 ฉ.4 
  Barcode: 030187
ห้องสมุดวิทยาเขตสวรรค์ประชารักษ์
►ส่วนจัดเก็บหนังสือเก่า สปร
บนชั้น
  ขอยืม
5. วิทยาศาสตร์การแพทย์ และสุขภาพ
วิทยาศาสตร์การแพทย์ และสุขภาพ
WB39 ศ324ค 2553 ฉ.5 
  Barcode: 030188
ห้องสมุดวิทยาเขตสวรรค์ประชารักษ์
►ส่วนจัดเก็บหนังสือเก่า สปร
บนชั้น
  ขอยืม
6. วิทยาศาสตร์การแพทย์ และสุขภาพ
วิทยาศาสตร์การแพทย์ และสุขภาพ
WB39 ศ324ค 2553 ฉ.6 
  Barcode: 030189
ห้องสมุดวิทยาเขตสวรรค์ประชารักษ์
►ส่วนจัดเก็บหนังสือเก่า สปร
บนชั้น
  ขอยืม
7. วิทยาศาสตร์การแพทย์ และสุขภาพ
วิทยาศาสตร์การแพทย์ และสุขภาพ
WB39 ศ324ค 2553 ฉ.7 
  Barcode: 030190
ห้องสมุดวิทยาเขตสวรรค์ประชารักษ์
►ส่วนจัดเก็บหนังสือเก่า สปร
บนชั้น
  ขอยืม

รายการใกล้เคียง
    ผู้แต่ง [ศักดิ์ชัย วงศกิตติรักษ์]

BibComment


ยังไม่เคยถูกคอมเมนท์

คอมเมนท์ทรัพยากรรายการนี้
  คอมเมนท์: คู่มือหมอใหม่ บร..


 Copyright 2026. Bcnsprnw @Library